000 01077nam a2200253 4500
001 135769
003 ES-MaACL
005 20230906194943.0
007 t|
008 070214s1946 sp r ||||1| spa d
100 1 _aRuiz Almansa, Javier.
_9100645
245 1 0 _aProblemas económico-sociales que derivan de la estructura demográfica de España :
_bconferencia dada en la Escuela Social de Madrid el día 13 de diciembre de 1945 /
_cpor D. Javier Ruiz Almansa.
260 _aMadrid :
_bEscuela Social de Madrid,
_c1946 (
_fImp. La Normal)
300 _a39 p. ;
_c21 cm.
490 1 _aCuadernos del Congreso de Estudios Sociales. Sección 4ª
651 4 _aEspaña-
_xSituación económica-
_y1939-1955.
_9167677
651 4 _aEspaña-
_xSituación social-
_y1939-1955.
_9167678
710 2 _aEscuela Social de Madrid.
_93593
711 2 _aCongreso de Estudios Sociales (
_d1945.
_cMadrid)
_9173563
830 1 _aCuadernos del Congreso de Estudios Sociales. Sección 4ª
_9219947
852 _aES-MaACL
_j1870-F-7
852 _aES-MaACL
_j1865-F-2
999 _c135769
_d135769